Etudes sur la fabulation platonicienne
محفوظ في:
| المؤلف الرئيسي: | |
|---|---|
| التنسيق: | كتاب |
| اللغة: | الفرنسية |
| منشور في: |
París, Francia
Presses Universitaires de France
1947
|
| سلاسل: | Bibliothèque de Philosophie Contemporaine
|
| الموضوعات: | |
| الوسوم: |
إضافة وسم
لا توجد وسوم, كن أول من يضع وسما على هذه التسجيلة!
|
MARC
| LEADER | 00000nam a2200000 a 4500 | ||
|---|---|---|---|
| 001 | UCY5890 | ||
| 003 | CL-VaPUC | ||
| 005 | 20210728001540.0 | ||
| 008 | 950512e19470000FR |||||||||||||||||fre|d | ||
| 999 | |c 233496 |d 233494 | ||
| 040 | |c Pontificia Universidad Católica de Valparaíso | ||
| 082 | 0 | 4 | |a 184 SCH 1947 |2 21 |
| 100 | 0 | |a Schuhl, Pierre-Maxime |e author |9 335299 | |
| 245 | 1 | 0 | |a Etudes sur la fabulation platonicienne |
| 260 | |a París, Francia |b Presses Universitaires de France |c 1947 | ||
| 300 | |a 120 páginas | ||
| 490 | 0 | |a Bibliothèque de Philosophie Contemporaine | |
| 583 | |a last modification |c 19950512 00:00:00 |k Rodrigo Vera | ||
| 600 | 0 | 7 | |a PLATON |2 CL-VaPUC |9 222 |
| 650 | 0 | |a Filosofía antigua |9 255705 | |
| 650 | 0 | |a Platonismo |9 265673 | |
| 650 | 7 | |a FILOSOFIA POLITICA |2 CL-VaPUC |9 335300 | |
| 650 | 0 | |a Etica política |9 255799 | |
| 650 | 0 | |a Historia |9 255047 | |
| 651 | 0 | |a Grecia |9 265314 | |
| 942 | |c BK |2 ddc | ||
| 945 | |d 19950512 00:00:00 |a oaravena | ||
| 952 | |0 0 |1 0 |4 0 |6 184_000000000000000_SCH_1947 |7 0 |8 P |9 239064 |a BIBEDU |b BIBEDU |c BIBEDU_PB |d 2019-11-18 |i 1501747 |o 184 SCH 1947 |p 1501747 |r 2024-01-25 |w 2019-11-18 |y BK |k FIL | ||